000 00332pam a2200133 a 4500
020 _c
041 _aeng
082 _a576.6482
_bSAL
100 _aSalyers Abigail .,
_eWhitt dixit .
245 _aBacterial pathogenesis
_hTextual Documents
260 _a[s.l]:
_bAmerican socity for microbiology .
300 _a539P.
930 _a775
999 _c77704
_d77704